01920 2200865 4500001002100000005001500021035002000036007000300056008004100059020002200100082000800122084001400130100002900144245003200173250001000205300002900215650001500244650001500259700002800274264003100302336002100333337003000354338002300384520004000407990001200447990001300459990001300472990001300485990001300498990001300511990001300524990001300537990001200550990001200562990001200574990001200586990001200598990001200610990001200622990001200634990001200646990001200658990001200670990001200682990001200694990001200706990001200718990001200730990001200742990001200754990001200766990001200778990001200790990001200802990001200814990001200826990001200838990001200850990001200862990001200874990001200886990001200898990001200910990001200922990001200934990001200946990001200958990001200970990001200982990001200994990001201006990001201018990001201030990001201042INLIS00000000000019720230804092114 a0010-0823000019ta230804 0 ind  a978-623-266-798-3 a510 a510 ARI m0 aArif EdiyantoePengarang1 aMatematika /cArif Ediyanto acet 1 a289 hlm :bilus ;c25 cm 4aMatematika 4aBuku Paket0 aMaya HarsasiePengarang aJakarta :bErlangga,c2022 2rdacontentateks 2rdamediaatanpa perantara 2rdacarrieravolume aKurikulum Merdeka SMK/MAK Kelas XI a23.0139 a23.00124 a23.00125 a23.00126 a23.00127 a23.00128 a23.00129 a23.00130 a23.0131 a23.0132 a23.0133 a23.0134 a23.0135 a23.0136 a23.0137 a23.0138 a23.0140 a23.0141 a23.0142 a23.0143 a23.0144 a23.0145 a23.0146 a23.0147 a23.0148 a23.0149 a23.0150 a23.0151 a23.0152 a23.0153 a23.0154 a23.0155 a23.0156 a23.0157 a23.0158 a23.0159 a23.0160 a23.0161 a23.0162 a23.0163 a23.0164 a23.0165 a23.0166 a23.0167 a23.0168 a23.0169 a23.0170 a23.0171 a23.0172 a23.0173